Normal view
MARC view
Entry Personal Name
001 - CONTROL NUMBER
- control field: 1228318
003 - CONTROL NUMBER IDENTIFIER
- control field: OSt
005 - DATE AND TIME OF LATEST TRANSACTION
- control field: 20260324151001.0
008 - FIXED-LENGTH DATA ELEMENTS
- fixed length control field: 260324|| aca||aabn | a|a d
040 ## - CATALOGING SOURCE
- Original cataloging agency: OSt
- Transcribing agency: OSt
100 ## - HEADING--PERSONAL NAME
- Personal name: Violet Mary Firth; Arthur George Tansley
670 ## - SOURCE DATA FOUND
- Source citation: Work cat.: (OSt)1838679: Violet Mary Firth; Arthur George Tansley, Revival: The Machinery of the Mind (1922)
